书目信息 |
| 题名: |
人生素描
|
|
| 作者: | 张远山 著 | |
| 分册: | ||
| 出版信息: | 上海 上海出版社 1999.07 |
|
| 页数: | 221页 | |
| 开本: | 32开 | |
| 丛书名: | ||
| 单 册: | ||
| 中图分类: | I267 | |
| 科图分类: | ||
| 主题词: | 散文--中国 , 散文--作品综合集--中国 | |
| 电子资源: | ||
| ISBN: | 7-80646-066-7 | |
| 000 | 00564nam0 2200205 45 | |
| 001 | 0011041911 | |
| 005 | 20001104194102.7 | |
| 010 | @a7-80646-066-7@d14.00元 | |
| 100 | @a20001104d1999 km y0chiy0120 ea | |
| 101 | 0 | @achi |
| 105 | @a z 000yy | |
| 200 | 1 | @a人生素描@ARen Sheng Su Miao@f张远山著@FZhang Yuan Shan Zhu |
| 210 | @a上海@c上海出版社@d1999.07 | |
| 215 | @a221页@d32开 | |
| 606 | 0 | @a散文@x中国 |
| 606 | 0 | @a散文@x作品综合集@x中国 |
| 690 | @aI267@v3 | |
| 701 | 0 | @a张远山@4著 |
| 801 | @aCN@bPftUser@c20001104 | |
| 905 | @b197777-781@dI267@eZH7999@f5 | |
| 人生素描/张远山著.-上海:上海出版社,1999.07 |
| 221页;32开 |
| ISBN 7-80646-066-7:14.00元 |
| ● |
| 相关链接 |
|
|
|
正题名:人生素描
索取号:I267/ZH7999
 
预约/预借
| 序号 | 登录号 | 条形码 | 馆藏地/架位号 | 状态 | 备注 |
| 1 | 197777 | 201977771 | 文学库116/116文学库 4排1列6层/ [索取号:I267/ZH7999] | 在馆 | |
| 2 | 197778 | 201977780 | 社科二线400B/400B社科库 10排3列5层/ [索取号:I267/ZH7999] | 在馆 | |
| 3 | 197779 | 201977799 | 社科二线400B/400B社科库 26排1列1层/ [索取号:I267/ZH7999] | 在馆 | |
| 4 | 197780 | 201977806 | 文学库116/ [索取号:I267/ZH7999] | 在馆 | |
| 5 | 197781 | 201977815 | 社科二线400B/400B社科库 26排1列1层/ [索取号:I267/ZH7999] | 在馆 |